Quiz sur les échecs - Statistiques

Statistiques générales
  • Ce quiz a été pris 11 694 fois
  • Le résultat moyen est 8 sur 16
Statistiques - réponses
Question Réponse % Correct
Combien y a-t-il de cases sur un échiquier ? 64
95%
Comment s'appelle le coup qui permet au roi et à la tour de se déplacer en même temps ? Roque
79%
Quel est le pays qui a le plus grand nombre de joueurs dans le top 100 ? Russie
74%
Comment s'appelle la position où le roi n'est pas en échec, mais n'a plus de coup légal ? Pat
71%
Quel est le titre le plus élevé, qui requiert un Elo d'au moins 2500 ? Grand-maître
70%
Le jeu d'échecs est dérivé d'un jeu de stratégie, le chaturanga. De quel pays provient-il ? Inde
66%
Quelle est la défense la plus jouée (environ 25% des parties), appelée d'après une île méditerranéenne ? Défense {Sicilienne}
63%
Quel joueur a atteint le classement Elo le plus élevé de l'histoire en 2014 ? Magnus Carlsen
62%
Qui a eu le deuxième classement Elo le plus élevé de tous les temps en 1999 ? Garry Kasparov
57%
Quel coup spécial permet de capturer un pion, situé à droite ou à gauche (pas en diagonale) ? En {Passant}
54%
Quel est le terme pour désigner une position où le joueur donne un pion dès le début en échange d'une position avantageuse ? (indice: il commence par g) Gambit
41%
Quel joueur américain a battu Boris Spassky pour devenir champion du monde en 1972 ? Bobby Fischer
34%
Quel ordinateur a battu ce joueur, devenant la première machine à battre un champion du monde en titre ? Deep Blue
33%
De quel pays le troisième champion du monde José Raúl Capablanca provient-il ? Cuba
25%
Comment s'appelle la machine inventée au 18ème siècle censée jouer aux échecs, mais qui s'est révélée un canular ? {Turc} mécanique
15%
Comment s'appelle l'énigme où le cavalier doit se déplacer sur toutes les cases de l'échiquier sans passer deux fois sur la même ? {Problème} du cavalier
9%
Aucun quiz correspondant
Distribution des résultats
% des personnes avec chaque résultat
Percentile par nombre de réponses
Votre historique - résultats
Vous n’avez pas pris ce quiz